[Event "London Classic op 11th"]
[Site "London"]
[Date "2019.12.05"]
[Round "8"]
[White "Barasi, Paul Dl"]
[Black "Jukes, Sam"]
[Result "0-1"]
[WhiteElo "1770"]
[BlackElo "1899"]
[PlyCount "64"]
[EventDate "2019.11.29"]
[EventType "swiss"]
[EventRounds "9"]
[EventCountry "ENG"]
[SourceTitle "CBM 193 Extra"]
[Source "ChessBase"]
[SourceDate "2020.01.31"]
[SourceVersion "1"]
[SourceVersionDate "2020.01.31"]
[SourceQuality "1"]

1. a3 d5 2. d4 Nf6 3. Nc3 g6 4. Nf3 Bg7 5. Bf4 c6 6. e3 0-0 7. h3 Nbd7 8. Be2 Re8 9. 0-0 Nf8 10. Ne5 N6d7 11. Ng4 e5 12. Nh6+ Bxh6 13. Bxh6 Ne6 14. dxe5 Qh4 15. Bf4 Nxf4 16. exf4 Qxf4 17. Bd3 Nxe5 18. Ne2 Qh4 19. Ng3 h5 20. Re1 Bd7 21. Re3 f5 22. Qe2 Nxd3 23. Qxd3 Rxe3 24. Qxe3 f4 25. Qd4 Re8 26. Qb4 Qg5 27. h4 Qg4 28. Nf1 f3 29. Qxg4 Bxg4 30. g3 Re7 31. Ne3 Kf7 32. Rd1 Rxe3 0-1

[Event "London Classic op 8th"]
[Site "London"]
[Date "2016.12.10"]
[Round "3"]
[White "Vachtfeidl, Petr"]
[Black "Barasi, Paul Dl"]
[Result "1-0"]
[WhiteElo "1963"]
[BlackElo "1770"]
[PlyCount "63"]
[EventDate "2016.12.09"]
[EventType "swiss"]
[EventRounds "9"]
[EventCountry "ENG"]
[SourceTitle "CBM 176 Extra"]
[Source "ChessBase"]
[SourceDate "2017.03.02"]
[SourceVersion "1"]
[SourceVersionDate "2017.03.02"]
[SourceQuality "1"]

1. e4 c5 2. Nf3 a6 3. c3 g6 4. d4 cxd4 5. cxd4 d5 6. e5 Nc6 7. h3 Bg7 8. Nc3 e6 9. Bd3 Nge7 10. 0-0 0-0 11. a3 Nf5 12. Bc2 h6 13. Be3 Bd7 14. b4 b5 15. Qd2 Kh7 16. Ne2 Rc8 17. Nc1 Nh4 18. Nxh4 Qxh4 19. Nb3 Rc7 20. Nc5 Bc8 21. Kh2 Nxe5 22. dxe5 Bxe5+ 23. g3 d4 24. f4 dxe3 25. Qxe3 Bxf4 26. Rxf4 Qg5 27. h4 Qe7 28. h5 e5 29. Rh4 Qg5 30. Qxg5 hxg5 31. hxg6+ Kg8 32. Rh7 1-0

[Event "London Classic op 6th"]
[Site "London"]
[Date "2014.12.13"]
[Round "6"]
[White "Barasi, Paul Dl"]
[Black "Iyengar, Ilya"]
[Result "0-1"]
[WhiteElo "1836"]
[BlackElo "2002"]
[PlyCount "148"]
[EventDate "2014.12.08"]
[EventType "swiss"]
[EventRounds "9"]
[EventCountry "ENG"]
[SourceTitle "CBM 163 Extra"]
[Source "ChessBase"]
[SourceDate "2014.12.23"]
[SourceVersion "1"]
[SourceVersionDate "2014.12.23"]
[SourceQuality "1"]

1. d4 Nf6 2. Bg5 Ne4 3. h4 Nxg5 4. hxg5 g6 5. e3 Bg7 6. Nf3 c5 7. c3 Nc6 8. d5 Ne5 9. Nxe5 Bxe5 10. Nd2 d6 11. Bb5+ Bd7 12. Bxd7+ Qxd7 13. Nc4 Bg7 14. e4 Qb5 15. Qe2 Qa6 16. a4 0-0 17. Ra3 e6 18. Qd3 Rfe8 19. 0-0 exd5 20. exd5 Rad8 21. b4 b6 22. b5 Qc8 23. a5 h6 24. axb6 axb6 25. gxh6 Bxh6 26. Nxb6 Qg4 27. Ra4 Qh5 28. Qh3 Qxh3 29. gxh3 Rb8 30. Nd7 Rxb5 31. Nf6+ Kf8 32. Nxe8 Kxe8 33. Ra8+ Ke7 34. Re1+ Kf6 35. Ra6 Bf4 36. c4 Rb4 37. Re4 Kf5 38. f3 Rb1+ 39. Kf2 Rb2+ 40. Kf1 Rh2 41. Rxf4+ Kxf4 42. Rxd6 Rc2 43. Rf6+ Ke5 44. Rxf7 Rxc4 45. f4+ Kxd5 46. Ke2 Ke6 47. Rf8 Rc3 48. Rc8 Kf5 49. Rf8+ Ke4 50. Rf6 Re3+ 51. Kd2 Rg3 52. Rc6 Kd5 53. Rf6 Kc4 54. Ra6 Kb5 55. Ra1 Rxh3 56. Rg1 Rh6 57. Kc3 Rh3+ 58. Kd2 Rf3 59. Rg4 c4 60. Ke2 Rd3 61. Rxg6 Rd8 62. f5 c3 63. f6 c2 64. Rg1 Kb4 65. Rf1 Kb3 66. f7 Kb2 67. f8Q Rxf8 68. Rxf8 c1Q 69. Rf2 Kc3 70. Rf3+ Kd4 71. Rd3+ Ke4 72. Rd2 Qc3 73. Rd1 Qe3+ 74. Kf1 Kf3 0-1

[Event "London Classic op 6th"]
[Site "London"]
[Date "2014.12.13"]
[Round "7"]
[White "Kouchak, Jason"]
[Black "Barasi, Paul Dl"]
[Result "0-1"]
[WhiteElo "1720"]
[BlackElo "1836"]
[PlyCount "100"]
[EventDate "2014.12.08"]
[EventType "swiss"]
[EventRounds "9"]
[EventCountry "ENG"]
[SourceTitle "CBM 163 Extra"]
[Source "ChessBase"]
[SourceDate "2014.12.23"]
[SourceVersion "1"]
[SourceVersionDate "2014.12.23"]
[SourceQuality "1"]

1. d4 d5 2. Nf3 Nc6 3. c3 Bf5 4. Bf4 e6 5. e3 Bd6 6. Bg5 f6 7. Bh4 Nh6 8. Bg3 Bxg3 9. hxg3 e5 10. dxe5 fxe5 11. Nbd2 Qf6 12. Qa4 Ng4 13. e4 Bd7 14. Bb5 d4 15. cxd4 exd4 16. Bxc6 Bxc6 17. Qxd4 Rd8 18. Qxf6 Nxf6 19. 0-0 0-0 20. Rfe1 Rfe8 21. Rac1 Rd7 22. Rc4 Rde7 23. e5 Nd7 24. e6 Rxe6 25. Rxe6 Rxe6 26. Nd4 Re1+ 27. Kh2 Ne5 28. N2f3 Bxf3 29. Nxf3 Nxc4 30. Nxe1 Nxb2 31. g4 Nc4 32. Kg3 Kf7 33. f4 h6 34. Nd3 b6 35. Kf3 Ke6 36. Ke4 Nd6+ 37. Ke3 c5 38. a4 Nc4+ 39. Ke4 Nd6+ 40. Ke3 Kd5 41. f5 Nc4+ 42. Kf4 Kd4 43. Nf2 Ne3 44. Kf3 c4 45. g5 hxg5 46. Ne4 g4+ 47. Kf4 a6 48. Ng5 Nd5+ 49. Kxg4 c3 50. Ne6+ Ke5 0-1

[Event "London Classic op 6th"]
[Site "London"]
[Date "2014.12.09"]
[Round "2"]
[White "Barasi, Paul Dl"]
[Black "Holleland, Sigve"]
[Result "0-1"]
[WhiteElo "1836"]
[BlackElo "2042"]
[PlyCount "80"]
[EventDate "2014.12.08"]
[EventType "swiss"]
[EventRounds "9"]
[EventCountry "ENG"]
[SourceTitle "CBM 163 Extra"]
[Source "ChessBase"]
[SourceDate "2014.12.23"]
[SourceVersion "1"]
[SourceVersionDate "2014.12.23"]
[SourceQuality "1"]

1. d4 d5 2. Bg5 Nf6 3. Bxf6 gxf6 4. e3 Nc6 5. c4 e6 6. a3 dxc4 7. Bxc4 a6 8. Nc3 b5 9. Be2 Ne7 10. Bf3 Rb8 11. Nge2 Bh6 12. Ne4 Ng6 13. Nc5 0-0 14. g3 Ne7 15. b4 Nd5 16. Qd3 Nb6 17. 0-0 Re8 18. Rfc1 f5 19. Qc2 Bg7 20. Rd1 Qe7 21. Rac1 Nc4 22. a4 Bf8 23. Nf4 Qf6 24. axb5 axb5 25. Ra1 Rd8 26. Ra7 Bd6 27. Nh5 Qg5 28. e4 Bxc5 29. bxc5 Bb7 30. h4 Qh6 31. Rxb7 Rxb7 32. e5 Rbb8 33. Nf6+ Kg7 34. Kg2 Qe3 35. Be2 Qa3 36. g4 Qb2 37. Qd3 Nxe5 38. Qe3 Ng6 39. g5 e5 40. h5 Nf4+ 0-1

[Event "London Classic op 6th"]
[Site "London"]
[Date "2014.12.08"]
[Round "1"]
[White "Semprun Martinez, Fernando M"]
[Black "Barasi, Paul Dl"]
[Result "1-0"]
[WhiteElo "2239"]
[BlackElo "1836"]
[PlyCount "69"]
[EventDate "2014.12.08"]
[EventType "swiss"]
[EventRounds "9"]
[EventCountry "ENG"]
[SourceTitle "CBM 163 Extra"]
[Source "ChessBase"]
[SourceDate "2014.12.23"]
[SourceVersion "1"]
[SourceVersionDate "2014.12.23"]
[SourceQuality "1"]

1. e4 c5 2. Nf3 a6 3. c3 g6 4. d4 cxd4 5. cxd4 d5 6. e5 Nc6 7. Be2 Bg4 8. 0-0 Nh6 9. Nbd2 Nf5 10. Nb3 Bg7 11. h3 Bxf3 12. Bxf3 h5 13. Bg5 Qb6 14. Bxd5 Ncxd4 15. Nxd4 Nxd4 16. Qa4+ Nc6 17. e6 f5 18. Rac1 Rc8 19. Rc2 0-0 20. Rfc1 Bxb2 21. Rb1 Qd4 22. Qxd4 Bxd4 23. Rxb7 Ne5 24. Rxc8 Rxc8 25. Rxe7 Nd3 26. Rc7 Rb8 27. e7+ Kh8 28. Bb7 Nxf2 29. Rc8+ Rxc8 30. Bxc8 Ne4+ 31. Kf1 Nd6 32. Bd7 Bc5 33. Bf4 Ne8 34. Bxe8 Bxe7 35. Bxg6 1-0

[Event "London Golders Green op 3rd"]
[Site "London"]
[Date "2014.05.03"]
[Round "1"]
[White "Barasi, Paul Dl"]
[Black "Steiner, Matthias"]
[Result "1/2-1/2"]
[WhiteElo "1862"]
[BlackElo "2078"]
[PlyCount "60"]
[EventDate "2014.05.03"]
[EventType "swiss"]
[EventRounds "6"]
[EventCountry "ENG"]
[SourceTitle "EXT 2018"]
[Source "ChessBase"]
[SourceDate "2017.10.13"]
[SourceVersion "1"]
[SourceVersionDate "2017.10.13"]
[SourceQuality "1"]

1. d4 d5 2. Bg5 Nf6 3. e3 c6 4. Bxf6 exf6 5. c4 Bb4+ 6. Nc3 0-0 7. cxd5 Qxd5 8. Nge2 Bg4 9. Qd2 Qa5 10. f3 Bd7 11. Nf4 Re8 12. Bc4 Na6 13. 0-0 Nc7 14. Nd3 Be6 15. Bxe6 fxe6 16. Nxb4 Qxb4 17. a3 Qb3 18. Ne4 Nd5 19. Rfe1 Qb6 20. Rac1 e5 21. Nd6 Re6 22. Nc4 Qc7 23. e4 Nb6 24. d5 Nxc4 25. Rxc4 Qb6+ 26. Qe3 Qxe3+ 27. Rxe3 cxd5 28. exd5 Rd6 29. Rd3 Rad8 30. Rc7 R8d7 1/2-1/2

[Event "London op Congress August"]
[Site "London"]
[Date "2013.08.25"]
[Round "3"]
[White "Barasi, Paul Dl"]
[Black "Landau, Jonathan"]
[Result "1/2-1/2"]
[WhiteElo "1914"]
[BlackElo "1924"]
[PlyCount "33"]
[EventDate "2013.08.24"]
[EventType "swiss"]
[EventRounds "6"]
[EventCountry "ENG"]
[SourceTitle "EXT 2023"]
[Source "ChessBase"]
[SourceDate "2022.10.05"]
[SourceVersion "1"]
[SourceVersionDate "2022.10.05"]
[SourceQuality "1"]

1. d4 e5 2. dxe5 Nc6 3. Nf3 Qe7 4. g3 Nxe5 5. Bg2 Nf6 6. Nc3 Nxf3+ 7. Bxf3 c6 8. 0-0 d5 9. e4 dxe4 10. Nxe4 Nxe4 11. Bxe4 Be6 12. Re1 Qf6 13. Bf4 Bc5 14. Qe2 Rd8 15. Be5 Qh6 16. Bf4 Qf6 17. Be5 1/2-1/2